| 000 | 00512nab a2200181 a 4500 | ||
|---|---|---|---|
| 005 | 20210219160717.0 | ||
| 008 | 991125s1985 mx 000 0 spa u | ||
| 035 | _aUPN01000171214 | ||
| 100 | 1 | _aDelgado Librero, Angelina | |
| 222 | _aEL BIBLIOTECARIO | ||
| 245 | _aLa animación en las bibliotecas públicas : más allá del retrato de familia | ||
| 260 | _aMéxico | ||
| 300 | _a8-16 | ||
| 362 | 0 | _a2006 Año 5, no. 55, ene. | |
| 653 | 0 | _aBIBLIOTECAS | |
| 653 | 0 | _aBIBLIOTECOLOGOS | |
| 905 | _aArticulo | ||
| 999 |
_c143319 _d143319 |
||